000 00856nam a2200169 i 4500
001 152686
003 ES-MaACL
005 20250901104614.0
008 931025s1841 sp |||| | spa d
100 1 _aBremon y López, Nicolás María.
_931569
245 1 0 _aMemoria histórico-económica sobre el comercio general de España
_b: causas de su decadencia y atraso y medios de mejorarle y elevarle al nivel del de las otras grandes naciones de Europa /
_cpremiada por la Sociedad Económica de esta Corte ... y presentada por Nicolas Maria Bremon y Lopez.
260 _aMadrid :
_b[s.n.],
_c1841 (
_fImprenta de Miguel de Burgos)
300 _a[8], 148 p. ;
_c20 cm.
650 4 _aComercio-
_zEspaña-
_vHistoria
_911158
852 _aES-MaACL
_jT-877-F-5
_z-- Enc. hol., conservando la cub. original
_z-- Enc. en un vol. facticio
999 _c152686
_d152686